Catálogo
 En Linea

Pepe el liberal : (Registro nro. 34657)

Detalles MARC
000 -CABECERA
campo de control de longitud fija 00788nam a2200193 a 4500
001 - NÚMERO DE CONTROL
campo de control 000035166
005 - FECHA Y HORA DE LA ÚLTIMA TRANSACCIÓN
campo de control 20200930074141.0
008 - DATOS DE LONGITUD FIJA--INFORMACIÓN GENERAL
campo de control de longitud fija 111025s1909 sp 000 0 spa d
040 ## - FUENTE DE LA CATALOGACIÓN
Centro catalogador/agencia de origen DO-SdBNP
Lengua de catalogación spa
Centro/agencia transcriptor BNPHU
082 ## - NÚMERO DE LA CLASIFICACIÓN DECIMAL DEWEY
Número de clasificación xxxx
100 1# - ENTRADA PRINCIPAL--NOMBRE DE PERSONA
Nombre de persona Perrin, Guillermo,
Fechas asociadas al nombre (1857-1923)
9 (RLIN) 60890
245 #0 - MENCIÓN DE TÍTULO
Título Pepe el liberal :
Resto del título sainete lírico en un acto, dividido en dos cuadros, en prosa /
Mención de responsabilidad, etc. original de Guillermo Perrín y Miguel de Palacios ; música del maestro Gerónimo Giménez.
260 ## - PUBLICACIÓN, DISTRIBUCIÓN, ETC.
Lugar de publicación, distribución, etc. Madrid :
Nombre del editor, distribuidor, etc. Sociedad de Autores Españoles,
Fecha de publicación, distribución, etc. 1909.
300 ## - DESCRIPCIÓN FÍSICA
Extensión 42 p. ;
Dimensiones 21 cm.
500 ## - NOTA GENERAL
Nota general Estrenado en el Teatro Cómico el 19 de febrero de 1909
700 1# - PUNTO DE ACCESO ADICIONAL--NOMBRE DE PERSONA
Nombre de persona Palacios, Miguel de,
Fechas asociadas al nombre (1863-1920)
9 (RLIN) 60891
700 1# - PUNTO DE ACCESO ADICIONAL--NOMBRE DE PERSONA
Nombre de persona Giménez, Gerónimo
9 (RLIN) 60892
710 2# - PUNTO DE ACCESO ADICIONAL--NOMBRE DE ENTIDAD CORPORATIVA
Nombre de entidad corporativa o nombre de jurisdicción como elemento de entrada Sociedad de Autores Españoles
9 (RLIN) 60837
Existencias
Estado de retiro Estado de pérdida Restricciones de uso No para préstamo Código de colección Localización permanente Ubicación/localización actual Ubicación en estantería Fecha de adquisición Número de inventario Total de préstamos Signatura topográfica completa Código de barras Fecha visto por última vez Precio válido a partir de Tipo de ítem Koha
      Excluido de préstamo Monografías: Libros y Folletos General General Depósito 25.10.2011 LF1   xxxx 35166-10 25.06.2020 25.06.2020 No se presta

Con tecnología Koha